International summer school on modelling and control of mechanisms and robots
Αποθηκεύτηκε σε:
| Συγγραφή απο Οργανισμό/Αρχή: | |
|---|---|
| Άλλοι συγγραφείς: | , |
| Μορφή: | Πρακτικό Συνεδρίου Βιβλίο |
| Γλώσσα: | English |
| Έκδοση: |
Singapore ; River Edge, N.J. : World Scientific,
c1996.
|
| Θέματα: | |
| Ετικέτες: |
Προσθήκη ετικέτας
Δεν υπάρχουν, Καταχωρήστε ετικέτα πρώτοι!
|
MARC
| LEADER | 00000nam a2200000Ia 4500 | ||
|---|---|---|---|
| 003 | 002113 | ||
| 005 | 20221231143951.0 | ||
| 008 | 140114s1996 si a 000 ||eng d | ||
| 040 | |c cru CEDI | ||
| 082 | |a 629.892 IN61i | ||
| 111 | |a Modelling and control of mechanisms and robots |c Bertinoro, Italy |d 22-26 July 1996 |9 21283 | ||
| 245 | |a International summer school on modelling and control of mechanisms and robots | ||
| 260 | |a Singapore ; River Edge, N.J. : World Scientific, |c c1996. | ||
| 300 | |a x, 292 p. : ill. ; 23 cm. | ||
| 648 | |x ROBOTICA |x ROBOTS - DISEÑO Y CONSTRUCCION |x SIMULACION POR COMPUTADORA |9 21284 | ||
| 700 | |9 21281 |a Melchiorri, Claudio. | ||
| 700 | |9 21282 |a Tornambè, Antonio. | ||
| 942 | |2 ddc |c BK | ||
| 999 | |c 14927 |d 14927 | ||
